Quizzes
Events
Quiz Creation
Community
Videos
Private Events
Remove Ads
Sign In
Join for FREE
Feedback
Dark Mode
Quiz Categories
Sports
Geography
Music
Movies
Television
Just For Fun
Miscellaneous
History
Literature
Language
Science
Gaming
Entertainment
Religion
Holiday
For Kids
Quiz Lab
Recent
Popular Today
Quiz Kudos Today
Editor Picks
Curator Picks
Quizzes by...
Day
Popularity
Type
Ratings
Length
Year
Community
Subscriptions
Recent Discussions
Orange Saloon
Badges
Playlists
Quests
Create
Leaderboards
Showdown
Live 5
Trivia Bingo
Activity
Puzzle Library
Sporcle Events
Private Events
Virtual Trivia
Globe League
Become a Host
Pub Owners
SporcleCon
Opinionation
Our Games
Videos
Blog
Mobile Apps
Partnerships
Remove Ads and Go Orange
Feedback
Science
Computer
Plants
Astronomy
Chemistry
Elements
Math
Animal
Physics
Anatomy
Biology
Geology
General Science
Science
Computer
Plants
Astronomy
Chemistry
Elements
Math
Animal
Physics
Anatomy
Biology
Geology
General Science
Random Quiz
Search Sporcle
×
Quiz Lab
Quiz Lab
Science
Lateral
Type in answers that appear in a list
Type in answers that appear in a list
Classic
Best Score? Go Orange.
Lateral View of Cat Skull, Jaw,Hyoid Apparatus and Larynx Stats
Can you name the Lateral View of Cat Skull, Jaw,Hyoid Apparatus and Larynx?
By
ajp40109
10m
29 Questions
671 Plays
671 Plays
671 Plays
Comments
Comments
Give Quiz Kudos
Give Quiz Kudos
-
- Ratings
hide this ad
Forced Order
Answers have to be entered in order
Answers have to be entered in order
Random Order
Randomize order of answers
Randomize order of answers
Replay
Link that replays current quiz
Next Quiz
Link to next quiz in quiz playlist
You Got
0%
They Got
Avg Score
68%
Avg Friend Score
Upgrade to see
Score Distribution
Jump to the score distribution portion of the page
Score
0/29
Timer
10:00
0
Plays Today
Number
% Correct
6
Frontal
87.2%
1
Parietal
86.7%
12
Maxilla
84.8%
15
Molar
83.6%
14
Premolar
83.3%
3
Temporal
82.7%
8
Lacrimal
81.2%
5
Postorbital Process
79.9%
28
Occipital
79.4%
2
Interparietal
78.5%
9
Premaxilla
76.8%
24
Tympanic Bulla
75.3%
11
Jugal
72.3%
17
Angular Process
71.4%
7
Ethmoid
70.3%
Number
% Correct
13
Mental Foramen
65.9%
27
Mastoid Process
63.3%
26
Jugular Process
62.6%
4
Coronoid Process
62.1%
29
Nuchal Crest
60.7%
16
Condyloid Process
60.4%
21
Trachea
56.9%
22
Epihyal
56.5%
25
Tympanohyal
55.1%
10
Frontal Process
55%
23
Stylohyal
55%
20
Thyrohyal
53.8%
19
Thyroid Cartilage
47.4%
18
Epiglottic Cartilage
47.1%
Quiz Playlist
Details
Report
Send in Message
Add To Playlist
Classic:
Type in answers that appear in a list
Forced Order:
Answers have to be entered in order
Random Order:
Randomize order of answers
Last Updated: Feb 16, 2017
Quiz Scoreboard
CHALLENGE
Sign Up to Join the Scoreboard
Show All
Scores
Hide
Comments
May contain spoilers
Recently Published
TV Characters by Other Roles V
by ghcgh
Television
5m
Decade Duel: World Leaders
by jenniferyan
History
4m
Alphabetical 'K' Countries by Flag Minefield
by ylime102
Geography
3m
More to Explore
Quiz From the Vault
Featured Blog Post
15 Basketball Trivia Facts You Can Be March Mad About
hide this ad
You Might Also Like...
Tags
cat
Jaw
Lateral
skull
Today's Top Quizzes in Science
Browse Science
hide this ad
Today's Top Quizzes in Lateral
Browse Lateral
Top Contributed Quizzes in Science
1
Pick 6: Animals
2
Group Clicking: Animals II
3
Find the Spring Animals
4
what months are considered part of the spring season/us
5
The First 100 Digits of Pi
6
Why is the sky blue? And other physics questions.
7
Flowers by Accent Chairs
8
Needlepoint Flowers
9
Label the Skeleton -
10
Needlepoint Flowers II
Explore More
Trending Topics
Harry Potter
Marvel
Kpop
NBA
Crossword
Anime
Disney
Puzzle
Song
Pokémon
NFL
The Office
Country
Soccer
WWE
hide this ad
More By:
ajp40109
Quiz
Plays
Rating
Category
Featured
Created
Lateral View of Cat Skull
2,041
Science
Sep 30, 2011
Ventral View of the Cat Skull
1,202
Science
Sep 30, 2011
Chondrocranium of Squalus
1,198
Science
Sep 30, 2011
Lateral View of Shark Chondrocranium
839
Science
Sep 30, 2011
Lateral View of Shark Chondrocranium and Splanchnocranium
748
Science
Sep 30, 2011
Go to Creator's Profile
Score Distribution
Quiz Creator Spotlight
ajp40109
Follow
Send a Message
Quizzes Created
-
Created Quiz Play Count
-
More By This Creator
Popular Quizzes Today
1
Countries of Asia Without Outlines Minefield
2
Find the US States - No Outlines Minefield
3
Pick 6: Fruits
4
The Countries of the World
5
Find the Countries of Europe - No Outlines Minefield
6
Alphabetical 'K' Countries by Flag Minefield
7
Find the US States
8
US States
More Science Quizzes
4 Minute Math: Roman Style
Published
Trending Quizzes
Pick 6: Mountains
Pick 6: Harry Potter
Pick 6: NFL Teams
Pick 6: Flags
C Names for Actors
Recently Updated
Adaptations: Name the Title
pecheneg
NWSL Teams
pecheneg
Women's Final Four Teams by Year
bhenderson79
Presidents Quartet II
eogle
Anything But Clue(do)
eogle
Anything But Oceanian Capitals
eogle
Anything But 7
eogle
Anything But Thing
eogle
Word Ladder: February 29
pecheneg
Song Title Questions
pecheneg
Trending Topics
Anime
Disney
Kpop
Crossword
Marvel
Harry Potter
NBA
Soccer
Puzzle
Song
The Office
Pokémon
WWE
Country
NFL
Your Account Isn't Verified!
In order to create a playlist on Sporcle, you need to verify the email address you used during registration. Go to your
Sporcle Settings
to finish the process.
Report this User
Report this user for behavior that violates our
Community Guidelines
.
Details:
Send Report
Go to the Sporcle.com Mobile Site →
Comments